Homenaje a Eugenio D'Ors. (Record no. 80290)

MARC details
000 -LEADER
campo de control de longitud fija 00569nam a2200181 i 4500
001 - NÚMERO DE CONTROL
campo de control 80290
003 - IDENTIFICADOR DE NÚMERO DE CONTROL
campo de control ES-MaACL
007 - CAMPO FIJO DE DESCRIPCIÓN FÍSICA--INFORMACIÓN GENERAL
campo de control de longitud fija t|
008 - DATOS DE LONGITUD FIJA--INFORMACIÓN GENERAL
campo de control de longitud fija 041027s1968 sp ||||1| spa d
245 00 - MENCIÓN DEL TÍTULO
Título Homenaje a Eugenio D'Ors.
260 ## - PUBLICACIÓN, DISTRIBUCIÓN, ETC.
Lugar de publicación, distribución, etc. Madrid :
Nombre del editor, distribuidor, etc. Editora Nacional,
Fecha de publicación, distribución, etc. 1968.
300 ## - DESCRIPCIÓN FÍSICA
Extensión VII, 235 p., 6 lám. ;
Dimensiones 25 cm.
500 ## - NOTA GENERAL
Nota general Precede al tit.: Academia del Faro de San Cristóbal.
700 1# - ENTRADA AGREGADA--NOMBRE PERSONAL
Nombre de persona Ors, Eugenio d',
Fechas asociadas al nombre 1881-1954
9 (RLIN) 87358
710 2# - ENTRADA AGREGADA--NOMBRE DE ENTIDAD CORPORATIVA
Nombre de entidad corporativa o nombre de jurisdicción como elemento de entrada Academia del Faro de San Cristóbal.
9 (RLIN) 1191
852 ## - LOCALIZACIÓN
Ubicación ES-MaACL
Número de control de estantería G-5514
Sublocalización o colección R.65771
Holdings
Estatus retirado Estado de pérdida Estado de daño No para préstamo Biblioteca de origen Biblioteca actual Ubicación en estantería Fecha de adquisición Fuente de adquisición Total de préstamos Signatura topográfica completa Código de barras Visto por última vez Precio de reemplazo Tipo de ítem Koha
        Biblioteca del Ateneo de Madrid Biblioteca del Ateneo de Madrid Depósito 2 17/01/2008     G-5514 1083947 23/02/2023 23/02/2023 Libro impreso